000
00310nam a22001457a 4500
008
210607b ||||| |||| 00| 0 eng d
020
_a
0205449131
041
_a
eng
080
_2
7th
_a
37
082
_a
37
100
_a
46
101
_a
EDU
245
_a
Child Development
_c
Laura E. Berk
942
_2
udc
_c
BK
999
_c
58045
_d
58045